Office etiquette and protocol

Zapisane w:
Opis bibliograficzny
1. autor: Fox, Grace (Autor)
Format: Książka
Język:angielski
Wydane: Nueva York Learning Express 1998
Seria:The Basics Made Easy
Hasła przedmiotowe:
Etykiety: Dodaj etykietę
Nie ma etykietki, Dołącz pierwszą etykiete!

MARC

LEADER 00000nam a2200000 a 4500
001 UCP9149
003 CL-VaPUC
008 000317e19980000US |||||||||||||||||eng|d
082 0 4 |a 395.52  |b FOX  |2 21 
100 0 |a Fox, Grace  |e author  |9 439544 
245 1 0 |a Office etiquette and protocol 
300 |a 220 p 
942 |c BK 
945 |d 20000317 00:00:00  |a vberengu 
260 |a Nueva York  |b Learning Express  |c 1998 
650 7 |a ETIQUETA  |2 CL-VaPUC  |9 439545 
650 7 |a MODALES  |2 CL-VaPUC  |9 439546 
583 |a last modification  |c 20000317 00:00:00  |k Rodrigo Vera 
490 0 |a The Basics Made Easy 
999 |c 285995  |d 285993 
952 |0 0  |1 0  |4 0  |6 395_520000000000000_FOX_1998  |7 0  |8 A  |9 330969  |a BIBING  |b BIBING  |d 2019-11-20  |i 3597989  |o 395.52 FOX 1998  |p 3597989  |r 2025-01-20  |w 2019-11-20  |y BK  |k EIQ